000 00679nam a2200277Ia 4500
005 20260324121529.0
008 008 260324s9999 xx 000 0 eng d
020 _a9781315780634
037 _aEBOOK
040 _aCRL
040 _beng
040 _cCRL
041 _2eng
041 _aeng
084 _qCRL
100 _aTriestino Mariniello
_91162866
245 4 _aThe International Criminal Court in Search of its Purpose and Identity
260 _bTaylor and Francis
260 _c2014
365 _a
365 _b265
856 _uhttp://www.taylorfrancis.com/books/9781315780634
942 _cEBOOK
999 _c1755046
_d1755046